|
|
|
|
| LEADER |
00000nam a2200000 a 4500 |
| 001 |
vtls001219342 |
| 003 |
SK-MaSNL |
| 005 |
20260301194813.0 |
| 008 |
130606s1996 xo 0 eng |
| 015 |
|
|
|a SNBJ1997/02-00606
|
| 035 |
|
|
|a SNK000163499
|
| 040 |
|
|
|a SNK
|b slo
|c SNK
|e AACR2
|
| 044 |
|
|
|a xo
|c SK
|
| 080 |
|
|
|a 784.66:785.1(086.7)
|2 1981
|
| 080 |
|
|
|a 785.1(086.7)
|2 1981
|
| 245 |
1 |
|
|a D-Night. Make me Happy
|h zvukový dokument
|
| 260 |
|
|
|a Bratislava
|b Jumbo records
|c 1996
|
| 300 |
|
|
|a 1 magnetofónová kazeta (27 min. 44 sek.)
|b stereo
|
| 500 |
|
|
|a Fotograf a design Alexander Klinko
|
| 505 |
0 |
|
|a Má 1 skl. v piatich verziách
|
| 508 |
|
|
|a Aranžmán: Milan Nagy, Marcel Šustrík
|
| 511 |
1 |
|
|a Účinkuje skupina D-Night
|
| 650 |
0 |
7 |
|a populárna hudba
|x kazety magnetofónové
|2 SNK
|9 283658
|
| 655 |
|
7 |
|a magnetofónové kazety
|2 SNK
|9 70693
|
| 700 |
1 |
|
|a Nagy, Milan
|4 ara
|9 575900
|
| 700 |
1 |
|
|a Šustrík, Marcel
|4 ara
|9 47286
|
| 700 |
1 |
|
|a Klinko, Alexander
|4 fot
|4 gup
|9 9117
|
| 710 |
0 |
|
|a D-Night (hudobná skupina)
|4 uci
|9 29922
|
| 999 |
|
|
|c 883201
|d 885131
|
| 952 |
|
|
|t P60, <03>, [BOOK], {603}
|a SNK
|b SNK
|y PREZ
|7 0
|p 17A0005394
|o snkK 1807
|i snkJK 161/96
|0 0
|1 0
|4 0
|d 1996-07-18
|l 0
|r 2005-01-01 00:00:00
|w 2026-02-24
|